Gaming Quiz

Random Gaming or Pokémon Quiz

Double Pokémon Anagrams (Gen I) Quiz Stats

 Plays Quiz not verified by Sporcle

Challenge
Share
Tweet
Embed
Score 0/23 Timer 10:00
0 Plays Today
Anagram Pokémon Names % Correct
JENNY OX CUBCubone & Jynx
79.7%
YAK MAN'S KNEEEkans & Mankey
61%
A DARK MUSEMuk & Seadra
57.6%
FOUL WAX VIPERFearow & Vulpix
54.2%
MAKE 'M MIROR B.Arbok & Mr. Mime
52.5%
I AX APRONSOnix & Paras
50.8%
I DEVOTE TEEDitto & Eevee
50.8%
BUM GOT LAZEGolem & Zubat
49.2%
SLEAZE PODSSeel & Zapdos
49.2%
WRAP MEALSLapras & Mew
49.2%
OH, BARNYARDAbra & Rhydon
35.6%
BARB WET MY WOKKrabby & Mewtwo
33.9%
Anagram Pokémon Names % Correct
I PRODDED YOGIDodrio & Pidgey
33.9%
CAT HAIR USURYRaichu & Staryu
30.5%
MADAM, OUR DOGDoduo & Magmar
30.5%
NUKE WEAK DEALKakuna & Weedle
25.4%
SOLAR TUGBOATGolbat & Tauros
25.4%
WHOSE A MOTHER?Horsea & Meowth
23.7%
H.G. MONOPOLYGloom & Hypno
22%
GOD'S ADHERINGGengar & Oddish
20.3%
MY GREAT GIRLSGastly & Grimer
20.3%
A PHANTOM COPYMachop & Ponyta
16.9%
BRAIN SOUP KITKabuto & Pinsir
11.9%

You're not logged in!

Compare scores with friends on all Sporcle quizzes.
OR
Log In

You Might Also Like...

Show Comments

Extras

Top Quizzes Today


Score Distribution

Your Account Isn't Verified!

In order to create a playlist on Sporcle, you need to verify the email address you used during registration. Go to your Sporcle Settings to finish the process.

Report this User

Report this user for behavior that violates our Community Guidelines.

Details: